[Event "Manhem Chessweek GM"]
[Site "Idrottsvägen 2, Mölnlycke,"]
[Date "2016.08.13"]
[Round "1.1"]
[White "Brüdigam, Martin"]
[Black "Greenfeld, Alon"]
[Result "1/2-1/2"]
[WhiteElo "2405"]
[BlackElo "2568"]
[PlyCount "57"]
[EventDate "2016.08.13"]

1. e4 c5 2. Nf3 d6 3. Bb5+ Nd7 4. d4 cxd4 5. Qxd4 a6 6. Bxd7+ Bxd7 7. c4 Nf6 8.
Bg5 e6 9. Nc3 Be7 10. O-O Bc6 11. Rfe1 O-O 12. Rad1 Rc8 13. Bxf6 Bxf6 14. Qxd6
Qa5 15. Nd4 Rfd8 16. Nxc6 Rxc6 17. Qg3 Rxc4 18. e5 Be7 19. Qf3 b5 20. Qb7 Rc7
21. Rxd8+ Bxd8 22. Qa8 Rd7 23. g3 b4 24. Rd1 Rxd1+ 25. Nxd1 g6 26. Ne3 Kg7 27.
Nc4 Qxa2 28. Nd6 Be7 29. Qe8 1/2-1/2

[Event "Manhem Chessweek GM"]
[Site "Idrottsvägen 2, Mölnlycke,"]
[Date "2016.08.13"]
[Round "1.2"]
[White "Rozentalis, Eduardas"]
[Black "Salomon, Johan"]
[Result "1/2-1/2"]
[WhiteElo "2557"]
[BlackElo "2470"]
[PlyCount "119"]
[EventDate "2016.08.13"]

1. e4 c5 2. Nf3 Nc6 3. Bb5 g6 4. O-O Bg7 5. Re1 e5 6. a3 Nge7 7. b4 cxb4 8.
axb4 O-O 9. c3 d5 10. d3 Qc7 11. h3 h6 12. Bb2 dxe4 13. dxe4 Be6 14. Nbd2 a5
15. bxa5 Nxa5 16. c4 Rfd8 17. Ra4 Rac8 18. Qa1 Nac6 19. Nb3 f6 20. Bc3 Bf7 21.
Ra3 Bf8 22. c5 b6 23. Rb1 Rb8 24. cxb6 Rxb6 25. Nbd2 Rdb8 26. Bd3 Nc8 27. Ra6
Bc5 28. Rbxb6 Nxb6 29. Bb5 Qd6 30. Qf1 Qc7 31. Nc4 Nb4 32. Bxb4 Bxb4 33. Nxb6
Rxb6 34. Rxb6 Qxb6 35. Bc4 Bc5 36. Bxf7+ Kxf7 37. g4 Kg7 38. Qe2 Bd4 39. Qc2
Qc5 40. Qa2 Qc1+ 41. Kg2 Qb2 42. Qxb2 Bxb2 43. Ne1 Bd4 44. Nd3 f5 45. f3 h5 46.
gxh5 gxh5 47. Nb4 fxe4 48. fxe4 Kf6 49. Nc2 Bc3 50. Ne3 Kg5 51. Kg3 Be1+ 52.
Kf3 Bc3 53. Nf5 Bb4 54. Ng7 Kg6 55. Ne6 Bd6 56. Nd8 Bb4 57. Kg3 Be1+ 58. Kg2
Kf6 59. Kf3 Ke7 60. Nc6+ 1/2-1/2

[Event "Manhem Chessweek GM"]
[Site "Idrottsvägen 2, Mölnlycke,"]
[Date "2016.08.13"]
[Round "1.3"]
[White "Westerberg, Jonathan"]
[Black "Antonsen, Mikkel"]
[Result "0-1"]
[WhiteElo "2488"]
[BlackElo "2475"]
[PlyCount "84"]
[EventDate "2016.08.13"]

1. c4 e6 2. Nf3 d5 3. g3 Nf6 4. Bg2 Be7 5. O-O O-O 6. b3 b6 7. Bb2 Bb7 8. e3 c5
9. Nc3 Qc8 10. Qe2 Rd8 11. d3 Nc6 12. Rfd1 dxc4 13. bxc4 Na5 14. Rab1 h6 15.
Ba1 Bc6 16. Ne1 Bxg2 17. Kxg2 Rb8 18. f4 Ne8 19. g4 Nb7 20. Nf3 Nbd6 21. e4 Nc7
22. h4 b5 23. e5 Nde8 24. cxb5 Nd5 25. Qe4 Nec7 26. a4 a6 27. b6 Rxb6 28. Rxb6
Nxb6 29. f5 Nbd5 30. Kh2 Qd7 31. fxe6 Qxe6 32. Ne2 Rb8 33. Ng3 g6 34. d4 Rb3
35. Re1 c4 36. h5 Bb4 37. Re2 Bc3 38. Nf5 Kh7 39. Bxc3 Nxc3 40. Qf4 gxf5 41.
gxf5 Nxe2 42. Qg4 Qd5 0-1

[Event "Manhem Chessweek GM"]
[Site "Idrottsvägen 2, Mölnlycke,"]
[Date "2016.08.13"]
[Round "1.4"]
[White "Golubka, Petro"]
[Black "Johansson, Linus"]
[Result "1-0"]
[WhiteElo "2373"]
[BlackElo "2412"]
[PlyCount "90"]
[EventDate "2016.08.13"]

1. e4 e6 2. d4 d5 3. Nc3 Nf6 4. Bg5 dxe4 5. Nxe4 Nbd7 6. Nf3 h6 7. Nxf6+ Nxf6
8. Bh4 a6 9. Bd3 c5 10. dxc5 Bxc5 11. O-O Be7 12. c4 Bd7 13. Ne5 Bc6 14. Bg3
O-O 15. Qe2 Qb6 16. Rad1 Rfd8 17. Rfe1 Be8 18. a3 a5 19. Kh1 Nh7 20. f4 Nf8 21.
f5 Ba4 22. Rc1 exf5 23. Nxf7 Rxd3 24. Qxd3 Kxf7 25. Qd5+ Ne6 26. Qxf5+ Bf6 27.
Be5 Nd4 28. Qf2 Re8 29. c5 Qd8 30. b4 Bb3 31. bxa5 Nc6 32. Bxf6 Qxf6 33. Qg3
Rxe1+ 34. Rxe1 Bd5 35. a6 bxa6 36. h3 Kg8 37. Kh2 Qd4 38. Qg6 Qf4+ 39. Kh1 Kh8
40. Re8+ Bg8 41. Qxc6 Qf1+ 42. Kh2 Qf4+ 43. g3 Qf2+ 44. Qg2 Qxc5 45. Qa2 Qd4
1-0

[Event "Manhem Chessweek GM"]
[Site "Idrottsvägen 2, Mölnlycke,"]
[Date "2016.08.13"]
[Round "1.5"]
[White "Hultin, Johan"]
[Black "Blomqvist, Erik"]
[Result "0-1"]
[WhiteElo "2340"]
[BlackElo "2557"]
[PlyCount "132"]
[EventDate "2016.08.13"]

1. d4 d5 2. c4 c6 3. Nf3 Nf6 4. Nc3 dxc4 5. a4 Bf5 6. e3 e6 7. Bxc4 Bb4 8. O-O
O-O 9. Qe2 Nbd7 10. e4 Bg6 11. Bd3 Bh5 12. Bf4 Re8 13. h3 e5 14. dxe5 Bxf3 15.
Qxf3 Nxe5 16. Bxe5 Rxe5 17. Ne2 Qe7 18. Ng3 g6 19. Qe2 Rg5 20. Qe3 h6 21. Kh1
Bc5 22. Qe1 Bb4 23. Qe3 Re8 24. f4 Nd5 25. Qf3 Nxf4 26. Qxf4 Bd6 27. e5 Bxe5
28. Nf5 Rxf5 29. Qxh6 Bg7 30. Qd2 Rxf1+ 31. Rxf1 Qh4 32. b3 Bh6 33. Qf2 Qxf2
34. Rxf2 Kg7 35. Bc4 Re7 36. h4 a6 37. Re2 Rd7 38. Rf2 b5 39. axb5 axb5 40. Bf1
Rd1 41. g4 Rd4 42. Bh3 Bd2 43. Bf1 Be1 44. Rh2 Rxg4 45. h5 Bg3 46. Rh3 Be5 47.
hxg6 Kxg6 48. Bd3+ Kg5 49. Rf3 f6 50. Bf5 Rd4 51. Be6 c5 52. Kg2 c4 53. bxc4
bxc4 54. Rf5+ Kg6 55. Rf2 c3 56. Bf5+ Kf7 57. Kf3 Ke7 58. Ke3 Kd6 59. Be4 Kc5
60. Bd3 Rh4 61. Rg2 Kb4 62. Bc2 Ka3 63. Bf5 Rd4 64. Rg7 Rd2 65. Ra7+ Kb4 66.
Rb7+ Kc4 0-1

[Event "Manhem Chessweek GM"]
[Site "Idrottsvägen 2, Mölnlycke,"]
[Date "2016.08.14"]
[Round "2.1"]
[White "Brüdigam, Martin"]
[Black "Rozentalis, Eduardas"]
[Result "0-1"]
[WhiteElo "2405"]
[BlackElo "2557"]
[PlyCount "90"]
[EventDate "2016.08.13"]

1. e4 e6 2. d4 d5 3. Nd2 Be7 4. c3 c5 5. exd5 exd5 6. dxc5 Bxc5 7. Nb3 Bb6 8.
Nd4 Nc6 9. Ngf3 Nge7 10. Be2 O-O 11. O-O Ng6 12. Be3 Bc7 13. Re1 a6 14. c4 Nxd4
15. Nxd4 Be5 16. cxd5 Qxd5 17. Nf3 Qxd1 18. Raxd1 Bxb2 19. Bc5 Bc3 20. Bxf8
Bxe1 21. Bc5 Ba5 22. Bc4 Bg4 23. Bd5 Rc8 24. Be3 Rd8 25. Rd4 Bb6 26. Rd2 Bxe3
27. Bxf7+ Kxf7 28. Rxd8 Bf4 29. h3 Bxf3 30. gxf3 Ke6 31. Kf1 Bd6 32. Re8+ Kd7
33. Ra8 Nf4 34. h4 Be7 35. Rb8 Kc7 36. Rg8 Bf6 37. Kg1 Ne6 38. h5 h6 39. Kg2
Kd7 40. Kh3 Nd8 41. Kg4 Ke7 42. Kf5 Kf7 43. Rh8 b5 44. Ke4 a5 45. Kd5 Be7 0-1

[Event "Manhem Chessweek GM"]
[Site "Idrottsvägen 2, Mölnlycke,"]
[Date "2016.08.14"]
[Round "2.2"]
[White "Salomon, Johan"]
[Black "Westerberg, Jonathan"]
[Result "0-1"]
[WhiteElo "2470"]
[BlackElo "2488"]
[PlyCount "84"]
[EventDate "2016.08.13"]

1. d4 d5 2. c4 dxc4 3. e3 e5 4. Bxc4 exd4 5. exd4 Bd6 6. Nf3 Nf6 7. Qe2+ Qe7 8.
Qxe7+ Bxe7 9. O-O O-O 10. Nc3 a6 11. Bf4 Bd6 12. Bxd6 cxd6 13. Rfe1 Bg4 14. Ng5
Nc6 15. h3 Bf5 16. g4 Bd7 17. Rad1 Rad8 18. a3 h6 19. Nf3 Rfe8 20. Ba2 g5 21.
Nd5 Nxd5 22. Bxd5 Kg7 23. Kh2 f5 24. gxf5 Bxf5 25. Kg3 Kf6 26. b4 Rxe1 27. Rxe1
Rc8 28. h4 b6 29. hxg5+ hxg5 30. Rh1 Ne7 31. Bb7 Rc3 32. Kg2 Rxa3 33. Rh8 Ng6
34. Rd8 d5 35. Ne5 Nf4+ 36. Kh2 Rh3+ 37. Kg1 Ne2+ 38. Kf1 Nxd4 39. Re8 Ne6 40.
Nd7+ Kf7 41. Rb8 Nf4 42. Rf8+ Ke7 0-1

[Event "Manhem Chessweek GM"]
[Site "Idrottsvägen 2, Mölnlycke,"]
[Date "2016.08.14"]
[Round "2.3"]
[White "Antonsen, Mikkel"]
[Black "Golubka, Petro"]
[Result "0-1"]
[WhiteElo "2475"]
[BlackElo "2373"]
[PlyCount "58"]
[EventDate "2016.08.13"]

1. d4 Nf6 2. c4 e6 3. Nf3 Bb4+ 4. Bd2 a5 5. a3 Be7 6. Bg5 d5 7. e3 h6 8. Bh4
O-O 9. Nc3 Nbd7 10. Be2 c6 11. O-O Ne4 12. Bxe7 Qxe7 13. Nxe4 dxe4 14. Nd2 Nf6
15. c5 e5 16. Nc4 exd4 17. Qxd4 Rd8 18. Nd6 Be6 19. b4 Ne8 20. Rad1 axb4 21.
axb4 b6 22. Qe5 bxc5 23. bxc5 Nxd6 24. Rxd6 Rxd6 25. cxd6 Qd7 26. f3 Ra2 27.
Bd1 Rd2 28. Qxe4 Qxd6 29. Ba4 Bh3 0-1

[Event "Manhem Chessweek GM"]
[Site "Idrottsvägen 2, Mölnlycke,"]
[Date "2016.08.14"]
[Round "2.4"]
[White "Johansson, Linus"]
[Black "Hultin, Johan"]
[Result "1/2-1/2"]
[WhiteElo "2412"]
[BlackElo "2340"]
[PlyCount "107"]
[EventDate "2016.08.13"]

1. d4 Nf6 2. c4 e6 3. Nc3 Bb4 4. e3 O-O 5. Bd3 d5 6. Nf3 c5 7. O-O dxc4 8. Bxc4
Nbd7 9. a3 Bxc3 10. bxc3 b6 11. Bb2 Bb7 12. Ba2 Qc7 13. c4 cxd4 14. exd4 Qf4
15. Qd2 Qf5 16. Ne5 Nxe5 17. dxe5 Rfd8 18. Qe2 Nh5 19. Bc1 Rd4 20. f3 Nf4 21.
Bxf4 Qxf4 22. Rad1 Rad8 23. Bb1 Rd2 24. Be4 g6 25. Rxd2 Rxd2 26. Qe1 Ba6 27. g3
Qg5 28. f4 Qd8 29. Qe3 Bxc4 30. Rf2 Rd1+ 31. Kg2 Bd5 32. Rc2 Kg7 33. Kh3 Bxe4
34. Qxe4 h5 35. Rc3 Rd4 36. Rc8 Rxe4 37. Rxd8 Ra4 38. Rd3 g5 39. fxg5 Kg6 40.
Rf3 Kxg5 41. Rxf7 Rxa3 42. Rf6 b5 43. Rxe6 b4 44. Kg2 a5 45. h4+ Kf5 46. Rh6
Kxe5 47. Rxh5+ Ke6 48. Rb5 b3 49. Rb6+ Kd7 50. h5 Ke7 51. Rb7+ Kf6 52. h6 Ra2+
53. Kh3 Ra1 54. Rxb3 1/2-1/2

[Event "Manhem Chessweek GM"]
[Site "Idrottsvägen 2, Mölnlycke,"]
[Date "2016.08.14"]
[Round "2.5"]
[White "Greenfeld, Alon"]
[Black "Blomqvist, Erik"]
[Result "1/2-1/2"]
[WhiteElo "2568"]
[BlackElo "2557"]
[PlyCount "43"]
[EventDate "2016.08.13"]

1. c4 c5 2. Nf3 Nc6 3. d4 cxd4 4. Nxd4 Qb6 5. e3 Nf6 6. Nc3 e6 7. Be2 Be7 8.
O-O O-O 9. b3 d5 10. Nxc6 Qxc6 11. Bf3 Qc7 12. Bb2 dxc4 13. Nb5 Qb8 14. bxc4 a6
15. Nc3 Qc7 16. Ne4 Nxe4 17. Bxe4 Bd7 18. Rb1 Bc6 19. Qg4 g6 20. Qf3 Rac8 21.
Ba1 b6 22. Rfd1 1/2-1/2

[Event "Manhem Chessweek GM"]
[Site "Idrottsvägen 2, Mölnlycke,"]
[Date "2016.08.14"]
[Round "3.1"]
[White "Rozentalis, Eduardas"]
[Black "Greenfeld, Alon"]
[Result "1/2-1/2"]
[WhiteElo "2557"]
[BlackElo "2568"]
[PlyCount "21"]
[EventDate "2016.08.13"]

1. e4 c5 2. Nf3 d6 3. Bb5+ Bd7 4. Bxd7+ Nxd7 5. O-O Ngf6 6. Re1 g6 7. c3 Bg7 8.
d4 O-O 9. h3 Qb6 10. Qe2 e6 11. e5 1/2-1/2

[Event "Manhem Chessweek GM"]
[Site "Idrottsvägen 2, Mölnlycke,"]
[Date "2016.08.14"]
[Round "3.2"]
[White "Westerberg, Jonathan"]
[Black "Brüdigam, Martin"]
[Result "1/2-1/2"]
[WhiteElo "2488"]
[BlackElo "2405"]
[PlyCount "82"]
[EventDate "2016.08.13"]

1. c4 e5 2. Nc3 Bb4 3. Nd5 Be7 4. d4 d6 5. Nf3 Nc6 6. Nxe7 Qxe7 7. d5 Nb8 8. e4
Nf6 9. Bd3 a5 10. O-O O-O 11. b3 h6 12. Re1 Na6 13. a3 Nc5 14. Bc2 Nh7 15. Be3
Bg4 16. h3 Bh5 17. Bd2 Ng5 18. Bxg5 hxg5 19. g4 Bg6 20. Qd2 f6 21. Qe3 Kf7 22.
b4 Na6 23. Rab1 Rh8 24. Bd3 b6 25. Rec1 axb4 26. axb4 Nb8 27. c5 bxc5 28. bxc5
Nd7 29. cxd6 cxd6 30. Rc7 Rhc8 31. Rbb7 Rxc7 32. Rxc7 Qd8 33. Qb6 Rc8 34. Rxd7+
Qxd7 35. Nd2 Qc7 36. Qa6 Kg8 37. Nc4 Rd8 38. Na5 Be8 39. Nc6 Bxc6 40. dxc6 Kh7
41. Bc4 Rb8 1/2-1/2

[Event "Manhem Chessweek GM"]
[Site "Idrottsvägen 2, Mölnlycke,"]
[Date "2016.08.14"]
[Round "3.3"]
[White "Golubka, Petro"]
[Black "Salomon, Johan"]
[Result "0-1"]
[WhiteElo "2373"]
[BlackElo "2470"]
[PlyCount "102"]
[EventDate "2016.08.13"]

1. e4 e5 2. Nf3 Nc6 3. Bb5 a6 4. Ba4 Nf6 5. Bxc6 dxc6 6. d3 Bd6 7. Nbd2 Nd7 8.
Nc4 O-O 9. h4 b5 10. Ne3 Nb6 11. h5 c5 12. Qe2 a5 13. Nh4 Be7 14. Nef5 Bxh4 15.
Nxh4 c4 16. h6 cxd3 17. cxd3 g6 18. Nf3 Bg4 19. Be3 Qd6 20. Qc2 Rfd8 21. Bc5
Qf6 22. Nd2 Nd7 23. Be3 c5 24. O-O a4 25. f3 Be6 26. f4 a3 27. fxe5 Qxe5 28.
bxa3 Rxa3 29. Nb1 Raa8 30. Nd2 Ra3 31. Nb1 Ra6 32. Nd2 Rda8 33. Nf3 Qd6 34. a3
f6 35. d4 cxd4 36. Nxd4 b4 37. a4 Ra5 38. Nxe6 Qxe6 39. Rfb1 Rb8 40. Bf4 Ne5
41. Qc7 Qb6+ 42. Qxb6 Rxb6 43. Be3 Rb7 44. Bd2 Nc6 45. Rb2 Ra6 46. Rc1 Kf7 47.
Rc5 g5 48. Rbc2 b3 49. Rxc6 Rxc6 50. Rb2 Ra6 51. Rc2 Rc6 0-1

[Event "Manhem Chessweek GM"]
[Site "Idrottsvägen 2, Mölnlycke,"]
[Date "2016.08.14"]
[Round "3.4"]
[White "Blomqvist, Erik"]
[Black "Johansson, Linus"]
[Result "1-0"]
[WhiteElo "2557"]
[BlackElo "2412"]
[PlyCount "63"]
[EventDate "2016.08.13"]

1. Nf3 Nf6 2. c4 c5 3. Nc3 Nc6 4. g3 g6 5. Bg2 Bg7 6. O-O O-O 7. d4 d6 8. dxc5
dxc5 9. Be3 Qb6 10. Na4 Qa5 11. Qb3 b6 12. Rfd1 Bd7 13. Nc3 Rad8 14. Rac1 Qa6
15. Bf4 Be6 16. Rxd8 Rxd8 17. Nb5 Ne8 18. Ng5 Bd7 19. Rd1 Nd4 20. Nxd4 cxd4 21.
c5 e6 22. c6 Bc8 23. e3 h6 24. Nf3 e5 25. Bxe5 Be6 26. Qa3 Qe2 27. Re1 Qc2 28.
Nxd4 Qd2 29. Nf3 Qc2 30. Bxg7 Kxg7 31. Nd4 Qc4 32. Qe7 1-0

[Event "Manhem Chessweek GM"]
[Site "Idrottsvägen 2, Mölnlycke,"]
[Date "2016.08.14"]
[Round "3.5"]
[White "Hultin, Johan"]
[Black "Antonsen, Mikkel"]
[Result "1/2-1/2"]
[WhiteElo "2340"]
[BlackElo "2475"]
[PlyCount "89"]
[EventDate "2016.08.13"]

1. d4 d5 2. c4 e6 3. Nc3 Nf6 4. cxd5 exd5 5. Bg5 c6 6. e3 Be7 7. Bd3 Nbd7 8.
Nf3 Ne4 9. Bxe4 Bxg5 10. Bd3 Be7 11. O-O O-O 12. Qb1 g6 13. b4 a6 14. a4 Nb6
15. a5 Nd7 16. Na4 Bd6 17. Nc5 Qe7 18. Re1 f5 19. g3 Nf6 20. Qb2 Ne4 21. Bf1
Nxc5 22. bxc5 Bc7 23. Re2 g5 24. Ne1 Qg7 25. Nd3 Rb8 26. f4 h6 27. Rf2 Be6 28.
Ne5 Rbe8 29. Bd3 Bc8 30. Raf1 Bxa5 31. Kh1 Bc7 32. Qe2 Rf6 33. Rg1 Ref8 34.
Rfg2 Bxe5 35. fxe5 R6f7 36. Qh5 g4 37. Rf2 Qg5 38. Qxg5+ hxg5 39. Rgf1 Kg7 40.
Kg2 Kg6 41. Kg1 Rh8 42. Kg2 Be6 43. Kg1 Bc8 44. Kh1 Be6 45. Kg1 1/2-1/2

[Event "Manhem Chessweek GM"]
[Site "Idrottsvägen 2, Mölnlycke,"]
[Date "2016.08.15"]
[Round "4.1"]
[White "Greenfeld, Alon"]
[Black "Johansson, Linus"]
[Result "1-0"]
[WhiteElo "2568"]
[BlackElo "2412"]
[PlyCount "73"]
[EventDate "2016.08.13"]

1. d4 Nf6 2. c4 e6 3. g3 d5 4. Bg2 Bb4+ 5. Nd2 O-O 6. Ngf3 dxc4 7. Qc2 c5 8.
Qxc4 Nc6 9. dxc5 e5 10. O-O Be6 11. Qc2 Qe7 12. Nb3 h6 13. a3 Bxb3 14. Qxb3
Bxc5 15. e3 Rfd8 16. Qc2 Rac8 17. b4 Bd6 18. Qf5 e4 19. Nd2 Be5 20. Ra2 g6 21.
Qh3 Bc3 22. Rc2 Bxd2 23. Bxd2 Rc7 24. b5 Rxd2 25. Rxd2 Ne5 26. Qxh6 Rc5 27. Qf4
Rxb5 28. Bxe4 Nh5 29. Qh4 Qxa3 30. Bg2 Kg7 31. Rfd1 a5 32. h3 Rb4 33. Qe7 Qc3
34. Rd8 Nxg3 35. fxg3 Qxe3+ 36. Kh1 Qxg3 37. Rf1 1-0

[Event "Manhem Chessweek GM"]
[Site "Idrottsvägen 2, Mölnlycke,"]
[Date "2016.08.15"]
[Round "4.2"]
[White "Antonsen, Mikkel"]
[Black "Blomqvist, Erik"]
[Result "0-1"]
[WhiteElo "2475"]
[BlackElo "2557"]
[PlyCount "74"]
[EventDate "2016.08.13"]

1. d4 d5 2. Nf3 Nf6 3. c4 c6 4. e3 Bg4 5. h3 Bh5 6. g4 Bg6 7. Ne5 Nbd7 8. Nxg6
hxg6 9. Nd2 e6 10. Bg2 g5 11. O-O Be7 12. Qc2 Qc7 13. Re1 Nf8 14. Nf3 Ng6 15.
cxd5 exd5 16. Qf5 Ne4 17. Ne5 Bb4 18. Nxg6 Bxe1 19. Bxe4 fxg6 20. Qxg6+ Qf7 21.
Qxf7+ Kxf7 22. Bg2 Ba5 23. a3 Bd8 24. Bd2 a5 25. Rc1 a4 26. Bb4 Be7 27. Bd2
Rhc8 28. Kf1 Bf6 29. Ke2 Ke6 30. Bb4 Rab8 31. Kd3 b6 32. e4 c5 33. exd5+ Kd6
34. dxc5+ bxc5 35. Bc3 c4+ 36. Ke4 Bxc3 37. bxc3 Rf8 0-1

[Event "Manhem Chessweek GM"]
[Site "Idrottsvägen 2, Mölnlycke,"]
[Date "2016.08.15"]
[Round "4.3"]
[White "Rozentalis, Eduardas"]
[Black "Westerberg, Jonathan"]
[Result "1/2-1/2"]
[WhiteElo "2557"]
[BlackElo "2488"]
[PlyCount "62"]
[EventDate "2016.08.13"]

1. e4 c5 2. Nf3 e6 3. c3 Nf6 4. e5 Nd5 5. g3 Nc6 6. Bg2 Be7 7. O-O O-O 8. d4
cxd4 9. cxd4 d6 10. exd6 Qxd6 11. Nc3 Rd8 12. Re1 Bd7 13. Ng5 h6 14. Nge4 Qb4
15. Ne2 e5 16. a3 Qb6 17. Nc5 Bf5 18. Na4 Qc7 19. Nac3 Nxc3 20. bxc3 exd4 21.
cxd4 Bf6 22. Be3 Bg4 23. Qc2 Bxe2 24. Rxe2 Bxd4 25. Bxd4 Rxd4 26. Rae1 Rf8 27.
Qc5 Qd6 28. Qb5 Qd7 29. Qc5 Rd1 30. Bxc6 bxc6 31. Kg2 Rxe1 1/2-1/2

[Event "Manhem Chessweek GM"]
[Site "Idrottsvägen 2, Mölnlycke,"]
[Date "2016.08.15"]
[Round "4.4"]
[White "Brüdigam, Martin"]
[Black "Golubka, Petro"]
[Result "1/2-1/2"]
[WhiteElo "2405"]
[BlackElo "2373"]
[PlyCount "78"]
[EventDate "2016.08.13"]

1. e4 c5 2. Nf3 d6 3. Bb5+ Bd7 4. Bxd7+ Qxd7 5. O-O Nf6 6. Qe2 Nc6 7. Rd1 g5 8.
c3 g4 9. Nh4 Bh6 10. Nf5 Bg5 11. Na3 e6 12. Ng3 h5 13. d4 Bxc1 14. Raxc1 h4 15.
Nf1 h3 16. g3 cxd4 17. cxd4 Rc8 18. e5 Nd5 19. Nc4 dxe5 20. dxe5 Ke7 21. Qxg4
Rcg8 22. Qf3 b5 23. Nce3 Nxe5 24. Qe4 Rh5 25. Rxd5 exd5 26. Nxd5+ Kf8 27. Nf6
Qf5 28. Qxf5 Rxf5 29. Rc8+ Kg7 30. Nxg8 Nf3+ 31. Kh1 Rd5 32. Ne3 Rd2 33. Rc2
Rxc2 34. Nxc2 Kxg8 35. Ne3 Ne5 36. Kg1 Nf3+ 37. Kh1 Ne5 38. Kg1 Nf3+ 39. Kh1
Ne5 1/2-1/2

[Event "Manhem Chessweek GM"]
[Site "Idrottsvägen 2, Mölnlycke,"]
[Date "2016.08.15"]
[Round "4.5"]
[White "Salomon, Johan"]
[Black "Hultin, Johan"]
[Result "1-0"]
[WhiteElo "2470"]
[BlackElo "2340"]
[PlyCount "85"]
[EventDate "2016.08.13"]

1. e4 c5 2. Nf3 d6 3. d4 cxd4 4. Nxd4 Nf6 5. Nc3 a6 6. h3 e6 7. g4 b5 8. g5
Nfd7 9. h4 Bb7 10. Bg2 Nb6 11. a3 N8d7 12. f4 Rc8 13. h5 Rxc3 14. bxc3 Nc5 15.
Qe2 Be7 16. O-O O-O 17. Nb3 Nca4 18. Bd2 Nc4 19. Be1 e5 20. g6 fxg6 21. hxg6
hxg6 22. fxe5 Rxf1+ 23. Qxf1 dxe5 24. Qd3 Qc8 25. Qg3 Qe6 26. Bf2 Bc8 27. Bf1
Nxa3 28. Na5 Qg4 29. Qxg4 Bxg4 30. Nc6 Bf8 31. Nxe5 Bh5 32. c4 b4 33. Nd7 Be7
34. c5 Bg4 35. c6 Nc3 36. Ne5 Bc8 37. Nxg6 Bd8 38. Bd3 a5 39. e5 a4 40. Bc5
Nxc2 41. Bxc2 b3 42. Bd3 b2 43. Rf1 1-0

[Event "Manhem Chessweek GM"]
[Site "Idrottsvägen 2, Mölnlycke,"]
[Date "2016.08.16"]
[Round "5.1"]
[White "Blomqvist, Erik"]
[Black "Salomon, Johan"]
[Result "0-1"]
[WhiteElo "2557"]
[BlackElo "2470"]
[PlyCount "102"]
[EventDate "2016.08.13"]

1. d4 Nf6 2. c4 e6 3. Nc3 Bb4 4. g3 O-O 5. Bg2 d5 6. a3 Bxc3+ 7. bxc3 dxc4 8.
Nf3 Nbd7 9. a4 a5 10. O-O Nb6 11. Bg5 h6 12. Bxf6 Qxf6 13. Ne5 Qe7 14. Qc2 Rd8
15. Qa2 Rb8 16. Rfb1 Bd7 17. Nxc4 Nxa4 18. Qc2 b5 19. Ne5 Qd6 20. c4 c6 21. Qd2
Be8 22. Qxa5 Qxd4 23. Nxc6 Bxc6 24. Bxc6 Nc3 25. cxb5 Nxb1 26. Rxb1 Qc4 27. Kf1
Qc2 28. Qa1 Rd6 29. Rc1 Qb3 30. Kg2 Qb4 31. Qe5 Qd4 32. Qxd4 Rxd4 33. Rc2 Rb4
34. h4 g6 35. Rd2 Kg7 36. f4 g5 37. hxg5 hxg5 38. fxg5 Rg4 39. Rb2 Rb6 40. Kf3
Rxg5 41. Rd2 Rb8 42. Rd7 Kf6 43. Kf2 Rf5+ 44. Kg2 Rc5 45. Rd3 Rc2 46. Kf2 Rb2
47. Kf3 Rh8 48. Rd7 Rh2 49. e3 Ke5 50. Kg4 f5+ 51. Kg5 Rh3 0-1

[Event "Manhem Chessweek GM"]
[Site "Idrottsvägen 2, Mölnlycke,"]
[Date "2016.08.16"]
[Round "5.2"]
[White "Westerberg, Jonathan"]
[Black "Greenfeld, Alon"]
[Result "1/2-1/2"]
[WhiteElo "2488"]
[BlackElo "2568"]
[PlyCount "51"]
[EventDate "2016.08.13"]

1. c4 Nf6 2. Nc3 c5 3. Nf3 Nc6 4. d4 cxd4 5. Nxd4 e6 6. Ndb5 d5 7. Bf4 e5 8.
cxd5 exf4 9. dxc6 bxc6 10. Qxd8+ Kxd8 11. Rd1+ Bd7 12. Nd6 Kc7 13. Nxf7 Rg8 14.
Ne5 Rb8 15. Nxd7 Nxd7 16. g3 Rxb2 17. Bh3 Nf6 18. O-O Bb4 19. Rc1 Rd8 20. Bg2
Rdd2 21. a3 Bxc3 22. Rxc3 Rdc2 23. Rxc2 Rxc2 24. Re1 g5 25. gxf4 gxf4 26. e3
1/2-1/2

[Event "Manhem Chessweek GM"]
[Site "Idrottsvägen 2, Mölnlycke,"]
[Date "2016.08.16"]
[Round "5.3"]
[White "Golubka, Petro"]
[Black "Rozentalis, Eduardas"]
[Result "1/2-1/2"]
[WhiteElo "2373"]
[BlackElo "2557"]
[PlyCount "88"]
[EventDate "2016.08.13"]

1. d4 Nf6 2. c4 e6 3. Nf3 Bb4+ 4. Bd2 c5 5. Bxb4 cxb4 6. g3 O-O 7. Bg2 d6 8.
O-O Qc7 9. Nbd2 e5 10. Qb3 a5 11. a3 Na6 12. e4 b6 13. h3 Bd7 14. Qd3 Rfe8 15.
Rfe1 h6 16. Nh4 bxa3 17. bxa3 exd4 18. Qxd4 Nc5 19. Rab1 Rad8 20. g4 Bc8 21.
Re3 Qe7 22. Ndf3 Nfxe4 23. Rxb6 Qc7 24. Rb1 Nf6 25. Nd2 Rxe3 26. Qxe3 Re8 27.
Qd4 Qd8 28. Nhf3 Bb7 29. Nh4 Bxg2 30. Nxg2 Re5 31. Ne3 h5 32. Qf4 Ne6 33. Qf3
Nd4 34. Qb7 Nd7 35. Kg2 Ne6 36. Nf3 Rc5 37. Rd1 Ne5 38. Nxe5 Rxe5 39. Qf3 g6
40. Nd5 Kg7 41. Rb1 Ng5 42. Qd3 Ne6 43. Qf3 Ng5 44. Qd3 Ne6 1/2-1/2

[Event "Manhem Chessweek GM"]
[Site "Idrottsvägen 2, Mölnlycke,"]
[Date "2016.08.16"]
[Round "5.4"]
[White "Hultin, Johan"]
[Black "Brüdigam, Martin"]
[Result "0-1"]
[WhiteElo "2340"]
[BlackElo "2405"]
[PlyCount "122"]
[EventDate "2016.08.13"]

1. d4 Nf6 2. c4 e6 3. Nc3 Bb4 4. Qc2 d6 5. Bd2 O-O 6. Nf3 b6 7. e4 c5 8. a3
Bxc3 9. Bxc3 cxd4 10. Nxd4 e5 11. Nf3 Bb7 12. Nd2 Nbd7 13. Be2 a5 14. f3 Qc7
15. a4 Nc5 16. O-O Ne6 17. Rf2 Ba6 18. Bf1 Rac8 19. Rc1 Nd7 20. b3 Nb8 21. Nb1
Nc6 22. Qd1 Qe7 23. Bd2 Ncd4 24. Nc3 Bb7 25. Be3 Bc6 26. Rd2 f5 27. exf5 Nxf5
28. Qe1 Nc5 29. Rb1 Qb7 30. Nd5 Bxd5 31. Rxd5 Nxe3 32. Qxe3 Rf6 33. Bd3 Qe7 34.
Bc2 Rh6 35. Rbd1 Rf8 36. g3 Rhf6 37. Rf1 Qc7 38. Kg2 Kh8 39. h4 Qf7 40. Be4 Qc7
41. Rd2 Ne6 42. Bd5 Nd4 43. Be4 Qc5 44. Rff2 Qa3 45. Rd3 Qb4 46. Qd2 Qc5 47.
Qe3 Qb4 48. Qd2 Qc5 49. Qd1 Qb4 50. Rfd2 Qa3 51. f4 Qc5 52. Qh5 Rh6 53. Qg4
Rhf6 54. h5 Qb4 55. Qg5 Ne6 56. Qh4 exf4 57. Rxd6 f3+ 58. Bxf3 Rxf3 59. Qe7
R3f6 60. h6 gxh6 61. Kh2 Ng5 0-1

[Event "Manhem Chessweek GM"]
[Site "Idrottsvägen 2, Mölnlycke,"]
[Date "2016.08.16"]
[Round "5.5"]
[White "Johansson, Linus"]
[Black "Antonsen, Mikkel"]
[Result "1/2-1/2"]
[WhiteElo "2412"]
[BlackElo "2475"]
[PlyCount "37"]
[EventDate "2016.08.13"]

1. c4 e6 2. d4 d5 3. Nc3 Nf6 4. cxd5 exd5 5. Bg5 c6 6. e3 Be7 7. Qc2 Nbd7 8.
Bd3 Nh5 9. Bxe7 Qxe7 10. Nge2 g6 11. O-O O-O 12. Rae1 Nb6 13. Nc1 Ng7 14. f3
Bf5 15. Qf2 Bxd3 16. Nxd3 Rad8 17. b3 Ne6 18. f4 f5 19. Ne5 1/2-1/2

[Event "Manhem Chessweek GM"]
[Site "Idrottsvägen 2, Mölnlycke,"]
[Date "2016.08.17"]
[Round "6.1"]
[White "Westerberg, Jonathan"]
[Black "Golubka, Petro"]
[Result "0-1"]
[WhiteElo "2488"]
[BlackElo "2373"]
[PlyCount "78"]
[EventDate "2016.08.13"]

1. e4 c5 2. Nf3 d6 3. d4 cxd4 4. Nxd4 Nf6 5. Nc3 a6 6. f4 g6 7. Nf3 Bg7 8. Bd3
O-O 9. O-O Nc6 10. Qe1 Bg4 11. Qh4 Bxf3 12. Rxf3 e6 13. f5 Ne5 14. Rf1 d5 15.
Bg5 dxe4 16. fxe6 exd3 17. Bxf6 Bxf6 18. Qxf6 Qxf6 19. Rxf6 dxc2 20. Rc1 Kg7
21. Rff1 fxe6 22. Rxc2 Rxf1+ 23. Kxf1 Rf8+ 24. Ke2 Nc6 25. Ke3 Rf7 26. Ne4 Nb4
27. Rc4 Nd5+ 28. Kd4 Nf4 29. g3 e5+ 30. Kxe5 Nd3+ 31. Ke6 Nxb2 32. Rc2 Nd3 33.
Nd6 Rf6+ 34. Ke7 Rf1 35. Rc7 b5 36. h4 Re1+ 37. Kd8+ Kf6 38. Rxh7 Ne5 39. Kc8
Re2 0-1